00484 2200181 4500001002100000005001500021008004100036020002200077035001900099041000700118082001000125090001600135100001800151245004800169260003500217300003600252650001400288INLIS00000000000699220241224113405241224||||||||| | ||| |||| || |  a978-602-217-221-5 0010-1224006992 aid0 a745.5 a745.5 YOP g0 ayopi h. nasir00aGerbang Kreativitas: Jagat Kerajinan Tangan aJakartabpt. Bumi aksarac2013 a25x17,5cm, xiv, 66 hlm.; ilus.: 0aKerajinan